| 000 | 01155nam a22002657a 4500 | ||
|---|---|---|---|
| 001 | 8971 | ||
| 003 | FISKH | ||
| 005 | 20251111154436.0 | ||
| 008 | 251111b cb ||||| |||| 00| 0 eng d | ||
| 040 |
_aFISKH _beng _cFISKH _dFISKH |
||
| 050 | _aAG5 | ||
| 082 | _a030 | ||
| 100 |
_aSmith, Kathie Billingslea _eAuthor |
||
| 245 |
_aWho? : _bA question book from discovery toys / _cBy Kathie Billingslea Smith ; Illustrated by Robert S. Storms |
||
| 260 |
_aMartinez : _bOttenheimer , _c1985 |
||
| 300 |
_a24 unnumbered pages : _bcolor illustrations ; _c21 cm |
||
| 505 | _aG | ||
| 520 | _aWho? A Question Book encourages young readers to ask and answer simple questions about the world around them. Each page poses a fun “who” question—like “Who swims?” or “Who flies?”—and pairs it with clear pictures that help children connect words to actions and creatures. The book builds curiosity, observation, and early reading confidence. | ||
| 521 | 8 |
_a300
_bLexile estimate |
|
| 521 | 8 |
_aG
_bRaz-Plus |
|
| 650 |
_aQuestions and answers _vScience |
||
| 700 |
_aStorms, Robert S. _eIllustator |
||
| 942 |
_2ddc _cBK _n0 |
||
| 999 |
_c8971 _d8971 |
||